000
00282 a2200121 4500
005
20260429092549.0
020
_a
9781867425595
100
_a
BLOCDYK,G
245
_a
Freight Forwarder
260
_a
UNITED STATES
_b
The art of service
_c
2026
300
_a
317p:
_c
23cm
942
_2
ddc
_c
BKS
999
_c
6872
_d
6872